|
|
|
|
| LEADER |
00000ny a22000003n 4500 |
| 005 |
20110615150433.0 |
| 008 |
010514s2001 sp s 000 0 spa c |
| 017 |
|
|
|a Z.10-2001
|
| 020 |
|
|
|a 8476986106
|
| 035 |
|
|
|a 1148
|
| 040 |
|
|
|a UMA.DER
|d vLex
|
| 040 |
|
|
|a UMA.RE
|d vLex
|
| 080 |
|
|
|a 331
|
| 080 |
|
|
|a 349.2(460)
|
| 090 |
|
|
|c 736
|d 736
|
| 100 |
1 |
|
|a Bejarano Hernǹdez, Andrš
|
| 245 |
1 |
0 |
|a Principio de condicin̤ ms̀ beneficiosa y reglas de absorcin̤, compensacin̤ y supresin̤ de la misma
|h [Recurso electrn̤ico]
|c Andrš Bejarano Hernǹdez ; prl̤ogo, Jess︢ Cruz Vi
|
| 256 |
|
|
|a Servicio en ln̕ea
|
| 260 |
|
|
|a Barcelona :
|b Jos ̌Mara̕ Bosch,
|c 2001
|
| 300 |
|
|
|a 207 p. ;
|c 24cm
|
| 490 |
1 |
|
|a Biblioteca de derecho laboral ;
|v 3
|
| 500 |
|
|
|a Índice jurisprudencial
|
| 504 |
|
|
|a Bibliogr.: p. 183-186
|
| 506 |
1 |
|
|a Contenido solo disponible en los productos indicados
|d vLex Global
|d vLex Global (Academic Edition, excluding Law Schools)
|d vLex Global (U.S. Academic Edition, Law Schools)
|d vLex Global (U.S. Academic Edition, excluding Law Schools)
|d vLex Global (Academic Edition, Law Schools)
|
| 650 |
0 |
7 |
|a Condiciones de trabajo
|2 Tesauro vLex
|
| 650 |
0 |
7 |
|a Principio de condicin̤ mas beneficiosa
|2 Tesauro vLex
|
| 650 |
0 |
7 |
|a Principios laborales
|2 Tesauro vLex
|
| 700 |
1 |
|
|a Cruz Villaln̤, Jess︢,
|e pr
|
| 740 |
0 |
|
|a vLex Libros (Servicios en ln̕ea)
|
| 830 |
|
0 |
|a Biblioteca de derecho laboral (Jos ̌Mara̕ Bosch Editor)
|
| 856 |
4 |
0 |
|u http://vlex.com/source/1148
|z Acceso restringido
|
| 942 |
|
|
|c BOOK
|
| 999 |
0 |
|
|a Law
|b Barcelona
|